| 000 | 00526nam a22001937a 4500 | ||
|---|---|---|---|
| 003 | KOHA_MİRAKIL | ||
| 005 | 20240930101004.0 | ||
| 008 | 240929b2020 tu ||||| |||| 00| 0 tur d | ||
| 020 | _a9786257352819 | ||
| 040 |
_aTR-AnABB _btur _cTR-AnABB |
||
| 041 | _atur | ||
| 082 |
_a813.42 _bSER 2020 |
||
| 100 | _aSert, Sıddık. | ||
| 245 | 0 |
_aAyın karanlık yüzü / _cSıddık Sert. |
|
| 260 |
_aAnkara : _bKlaros Yayınları, _c2020. |
||
| 300 |
_a292 sayfa ; _c18 cm. |
||
| 650 | _aTürk edebiyatı, roman | ||
| 942 |
_2ddc _cBK |
||
| 999 |
_c1585 _d1585 |
||